| 000 | 01181nam a22002897a 4500 | ||
|---|---|---|---|
| 003 | OSt | ||
| 005 | 20260601171012.0 | ||
| 008 | 260421b1993\\\\mx\a||||\||||\00|\0\spa\d | ||
| 040 |
_aICI _bspa _cICI |
||
| 050 |
_a F1219.3S57 _bR56 1993 |
||
| 100 |
_aRios Navarrete, Humberto, _eautor _933308 |
||
| 245 |
_a Los indios de México, 500 años después / _creporteros Humberto Ríos Navarrete, Leonardo Rosas, Martín Vargas Vidales ; fotógrafos, Luis Jorge Gallegos, Francisco Martínez, Mario Martínez Meza, Aarón Sánchez, Miguel Velasco |
||
| 264 |
_aMéxico : _b Editorial Uno, _c1993 |
||
| 300 |
_a 219 páginas _bilustraciones _c20 cm. |
||
| 336 |
_2rdacontent _atexto |
||
| 337 |
_2rdamedia _asin medio |
||
| 338 |
_2rdacarrier _avolumen |
||
| 650 | _a Indios de México | ||
| 700 |
_aRosas, Leonardo, _e autor _933309 |
||
| 700 |
_a Vargas Vidales, Martin, _eautor _933310 |
||
| 700 |
_a Gallegos, Luis Jorge _efotógrafo _933311 |
||
| 700 |
_a Martínez, Francisco, _efotógrafo _913143 |
||
| 700 |
_aMartínez Meza, Mario, _e fotógrafo _933312 |
||
| 700 |
_aSánchez, Aarón, _efotógrafo _933313 |
||
| 700 |
_a Velasco, Miguel, _efotógrafo _933314 |
||
| 942 |
_2lcc _cB |
||
| 999 |
_c20549 _d20549 |
||